000 00352 a2200109 4500
001 ART_12378
005 20260410161905.0
008 260409a
245 1 0 _aTets for normality in the econometric disequilibrium markets model
100 1 _aLee, Lung-Fei
773 0 _tJournal of econometrics
_g- Vol. 19, NÂș 1 (may. 1982)
_wREV11720
999 _c26308
_d26308